200 Digits of Pi - Statistics

General Stats
  • This quiz has been taken 435 times
  • The average score is 118 of 200
Answer Stats
% Correct
3
100%
1
98%
4
92%
1
90%
5
89%
2
87%
8
87%
9
87%
9
87%
3
86%
5
86%
5
86%
6
86%
8
86%
9
86%
2
85%
3
85%
3
85%
7
85%
4
84%
0
83%
2
83%
3
83%
3
83%
4
83%
6
83%
6
83%
8
83%
9
83%
2
82%
2
82%
3
82%
4
82%
5
82%
7
82%
8
82%
8
82%
9
82%
9
82%
9
82%
1
80%
1
80%
3
80%
6
80%
7
80%
9
80%
0
79%
0
78%
1
78%
3
78%
5
78%
7
78%
2
77%
5
77%
8
77%
9
77%
9
76%
9
76%
0
75%
4
75%
4
75%
4
75%
5
75%
7
75%
2
74%
3
74%
7
74%
8
74%
1
72%
6
72%
0
71%
0
70%
2
70%
4
70%
6
70%
8
70%
9
70%
9
70%
0
69%
2
69%
2
69%
6
69%
6
69%
8
69%
8
69%
8
69%
3
68%
4
68%
8
68%
0
67%
1
67%
1
67%
2
67%
2
67%
3
67%
4
67%
5
67%
9
67%
0
66%
6
66%
7
66%
7
66%
8
66%
1
64%
2
64%
4
64%
5
64%
6
64%
8
64%
8
64%
0
62%
1
62%
0
61%
2
61%
2
61%
3
61%
3
61%
8
61%
6
60%
7
60%
4
59%
6
59%
9
59%
3
57%
8
57%
4
56%
0
55%
5
55%
0
54%
2
54%
2
54%
4
54%
5
54%
5
54%
8
54%
9
54%
1
53%
3
53%
6
53%
7
53%
2
51%
5
51%
3
49%
5
48%
9
47%
0
45%
1
45%
2
45%
4
44%
8
44%
8
44%
4
41%
1
40%
1
40%
8
40%
1
39%
7
39%
4
33%
0
32%
5
32%
2
29%
8
29%
0
28%
0
28%
4
28%
1
26%
2
26%
7
26%
9
26%
0
25%
1
25%
3
25%
8
25%
1
24%
5
24%
1
23%
2
23%
5
23%
5
22%
5
22%
9
22%
4
17%
4
17%
6
17%
2
16%
2
16%
6
16%
9
16%
9
16%
4
15%
8
15%
9
15%
0
14%
4
14%
5
14%
9
14%
1
13%
3
13%
3
13%
8
13%
No matching quizzes found
Score Distribution
Percent of People with Each Score
Percentile by Number Answered
Your Score History
You have not taken this quiz